Welcome to CU Library Online Public Access Catalogue (OPAC)

Local flaps and free skin grafts in head and neck reconstruction / (Record no. 3771)

MARC details
000 -LEADER
fixed length control field 00927pam a2200289 a 4500
001 - CONTROL NUMBER
control field 1071407
005 - DATE AND TIME OF LATEST TRANSACTION
control field 20250209165925.0
008 - FIXED-LENGTH DATA ELEMENTS--GENERAL INFORMATION
fixed length control field 910904s1992 moua b 001 0 eng c
020 ## - INTERNATIONAL STANDARD BOOK NUMBER
International Standard Book Number 0815105452
050 00 - LIBRARY OF CONGRESS CALL NUMBER
Classification number RD521
Item number .L56 1991
082 00 - DEWEY DECIMAL CLASSIFICATION NUMBER
Classification number 617.5/10592
Edition information 20
245 00 - TITLE STATEMENT
Title Local flaps and free skin grafts in head and neck reconstruction /
Statement of responsibility, etc. [edited by] Janusz Bardach ; assistant editor, Kerry Johanssen ; with illustrations by Hani Elkadi.
260 ## - PUBLICATION, DISTRIBUTION, ETC.
Place of publication, distribution, etc. St. Louis :
Name of publisher, distributor, etc. Mosby Year Book,
Date of publication, distribution, etc. c1992.
300 ## - PHYSICAL DESCRIPTION
Extent xi, 372 p. :
Other physical details ill. (some col.) ;
Dimensions 29 cm.
650 #0 - SUBJECT ADDED ENTRY--TOPICAL TERM
Topical term or geographic name entry element Head
General subdivision Surgery.
650 #0 - SUBJECT ADDED ENTRY--TOPICAL TERM
Topical term or geographic name entry element Neck
General subdivision Surgery.
650 #0 - SUBJECT ADDED ENTRY--TOPICAL TERM
Topical term or geographic name entry element Skin-grafting.
650 #0 - SUBJECT ADDED ENTRY--TOPICAL TERM
Topical term or geographic name entry element Flaps (Surgery)
650 #0 - SUBJECT ADDED ENTRY--TOPICAL TERM
Topical term or geographic name entry element Surgery, Plastic.
650 #2 - SUBJECT ADDED ENTRY--TOPICAL TERM
Topical term or geographic name entry element Head
General subdivision surgery.
650 #2 - SUBJECT ADDED ENTRY--TOPICAL TERM
Topical term or geographic name entry element Neck
General subdivision surgery.
650 #2 - SUBJECT ADDED ENTRY--TOPICAL TERM
Topical term or geographic name entry element Skin Transplantation.
650 #2 - SUBJECT ADDED ENTRY--TOPICAL TERM
Topical term or geographic name entry element Surgery, Plastic.
650 #2 - SUBJECT ADDED ENTRY--TOPICAL TERM
Topical term or geographic name entry element Surgical Flaps.
700 1# - ADDED ENTRY--PERSONAL NAME
Personal name Bardach, Janusz.
942 ## - ADDED ENTRY ELEMENTS (KOHA)
Source of classification or shelving scheme Library of Congress Classification
Koha item type Books
Suppress in OPAC No
999 ## -
-- 3771
-- 3771
Holdings
Withdrawn status Lost status Source of classification or shelving scheme Damaged status Not for loan Collection Home library Current library Shelving location Date acquired Total checkouts Full call number Barcode Date last seen Copy number Price effective from Koha item type
    Library of Congress Classification     Non-fiction Science Library (Miotso) Science Library (Miotso) General stacks 02/09/2025   RD521 .L56 LOC SLM00003446 02/09/2025 1 02/09/2025 Books
    Library of Congress Classification     Non-fiction Science Library (Miotso) Science Library (Miotso) General stacks 02/09/2025   RD521 .L56 LOC SLM00003447 02/09/2025 2 02/09/2025 Books
    Library of Congress Classification     Non-fiction Science Library (Miotso) Science Library (Miotso) General stacks 02/09/2025   RD521 .L56 LOC SLM00003448 02/09/2025 3 02/09/2025 Books
    Library of Congress Classification     Non-fiction Science Library (Miotso) Science Library (Miotso) General stacks 02/09/2025   RD521 .L56 LOC SLM00003449 02/09/2025 4 02/09/2025 Books
© 2023-2024 Copyright: Central University Libraries. All Rights Reserved | Created by: Mahone Tech Office